000 00256nam a2200109Ia 4500
008 200302s9999 xx 000 0 und d
100 _aSusan Mayhew
245 _aDictionary Of Geography
260 _bOxford University Press
260 _c2009
300 _a551
999 _c4645
_d4645